Globalization, modernity, and the city (Record no. 12954)

MARC details
000 -LEADER
fixed length control field 01300nam a2200349Ia 4500
001 - CONTROL NUMBER
control field 9780203808863
003 - CONTROL NUMBER IDENTIFIER
control field BD-DhSAU
005 - DATE AND TIME OF LATEST TRANSACTION
control field 20151012151722.0
006 - FIXED-LENGTH DATA ELEMENTS--ADDITIONAL MATERIAL CHARACTERISTICS
fixed length control field a|||||s|||||||||||
007 - PHYSICAL DESCRIPTION FIXED FIELD--GENERAL INFORMATION
fixed length control field cr||||
008 - FIXED-LENGTH DATA ELEMENTS--GENERAL INFORMATION
fixed length control field 110801s2012 enkab sb 001 0 eng d
020 ## - INTERNATIONAL STANDARD BOOK NUMBER
International Standard Book Number 9780203808863 (e-book : PDF)
040 ## - CATALOGING SOURCE
Original cataloging agency BD-DhSAU
Transcribing agency BD-DhSAU
090 ## - LOCALLY ASSIGNED LC-TYPE CALL NUMBER (OCLC); LOCAL CALL NUMBER (OCLC)
Classification number (OCLC) (R) ; Classification number, CALL (RLIN) (NR) HT119
Local cutter number (OCLC) ; Book number/undivided call number, CALL (RLIN) .S3 2012
092 ## - LOCALLY ASSIGNED DEWEY CALL NUMBER (OCLC)
Classification number 303.482091732
Item number S559
100 1# - MAIN ENTRY--PERSONAL NAME
Personal name Short, John R.
245 10 - TITLE STATEMENT
Title Globalization, modernity, and the city
Medium [electronic resource] /
Statement of responsibility, etc. John Rennie Short.
260 ## - PUBLICATION, DISTRIBUTION, ETC. (IMPRINT)
Place of publication, distribution, etc. Abingdon, Oxon :
Name of publisher, distributor, etc. Routledge,
Date of publication, distribution, etc. 2012.
300 ## - PHYSICAL DESCRIPTION
Extent xv, 301 p. :
Other physical details ill., map.
490 1# - SERIES STATEMENT
Series statement Routledge studies in human geography ;
Volume/sequential designation 36
504 ## - BIBLIOGRAPHY, ETC. NOTE
Bibliography, etc Includes bibliographical references (p. [273]-288) and index.
505 0# - FORMATTED CONTENTS NOTE
Formatted contents note pt. 1. Global generalities -- pt. 2. Thematic specificities -- pt. 3. City particularities -- pt. 4. Urban utopias.
530 ## - ADDITIONAL PHYSICAL FORM AVAILABLE NOTE
Additional physical form available note Also available in print edition.
538 ## - SYSTEM DETAILS NOTE
System details note Mode of access: World Wide Web.
650 #0 - SUBJECT ADDED ENTRY--TOPICAL TERM
Topical term or geographic name as entry element Urbanization
Form subdivision Case studies.
650 #0 - SUBJECT ADDED ENTRY--TOPICAL TERM
Topical term or geographic name as entry element Globalization
Form subdivision Case studies.
655 #7 - INDEX TERM--GENRE/FORM
Genre/form data or focus term Electronic books.
Source of term lcsh
776 1# - ADDITIONAL PHYSICAL FORM ENTRY
International Standard Book Number 9780415676922
776 1# - ADDITIONAL PHYSICAL FORM ENTRY
International Standard Book Number 0415676924
830 #0 - SERIES ADDED ENTRY--UNIFORM TITLE
Uniform title Routledge studies in human geography ;
Volume number/sequential designation 36.
856 40 - ELECTRONIC LOCATION AND ACCESS
Uniform Resource Identifier <a href="http://www.tandfebooks.com/isbn/9780203808863">http://www.tandfebooks.com/isbn/9780203808863</a>

No items available.